Movies Quiz

Random Movies or Quote Quiz
Score 0/15 Timer 05:00
0 Plays Today
Quote Fill in the Blanks % Correct
There's only one God, ma'am, and I'm pretty sure he doesn't _____ ____ ____dress like that
87.9%
That's my secret, Cap: I'm ______ _____.always angry
86.7%
An ant has no quarrel with a ____.boot
85.9%
I sort of met you, I mean, I watched you while you were ________.sleeping
79.6%
Dost Mother know you wear-eth her ______?drapes
79%
Thanks, but the last time I was in New York I kind of broke... ______.Harlem
75.9%
I don't see how that's a _____.party
74.7%
Well, let me know if real power wants a ________ or something.magazine
74.5%
Quote Fill in the Blanks % Correct
You people are so petty... and ____.tiny
72.7%
Regimes fall every day. I tend not to weep over that, I'm _______... or was.Russian
63%
You know, the last time I was in Germany and saw a man ________ _____ everybody else, we ended up disagreeing.standing above
60.3%
Of the people in this room, which one is A - wearing a _______ ______, and B - not of use?spangly outfit
51%
The Avengers. It's what we call ourselves, sort of like a team. _____ _________ ______ type thing.Earth's mightiest heroes
48.9%
Excuse me, did WE come to YOUR planet and ____ _____ __?blow stuff up
44.6%
Well, if I put an arrow through _____ ___ ______, I'd sleep better, I suppose.Loki's eye socket
38.3%
Remove Ads.
Support Sporcle.
Get the best of Sporcle when you Go Orange. This ad-free experience offers more features, more stats, and more fun while also helping to support Sporcle. Thank you for becoming a member.

You're not logged in!

Compare scores with friends on all Sporcle quizzes.
OR
Log In

Show Comments

Extras

Top Quizzes Today


Score Distribution

Your Account Isn't Verified!

In order to create a playlist on Sporcle, you need to verify the email address you used during registration. Go to your Sporcle Settings to finish the process.

Report this User

Report this user for behavior that violates our Community Guidelines.

Details: